000 00399nam a2200157 i 4500
001 bg
100 1 _aORNESTEIN, L. S.
245 0 _aSpektrofotometria obiektywna /
_cL.S. Ornestein, W.J.H. Moll, H.C. Burger.
260 _aWarszawa,
_c1958.
700 1 _aMOLL, W. J. H.
700 1 _aBURGER, H. C.
040 _cBPK
041 _apol
942 _cKS
008 s pl f |000 0 pol
999 _c17807
_d17807
856 _uhttp://koha.tu.koszalin.pl/cgi-bin/koha/opac-detail.pl?biblionumber=17807
_yKatalog online BPK